(Contro)rivoluzioni in corso. Primavera araba o inverno mediterraneo?... /
Uloženo v:
| Hlavní autor: | |
|---|---|
| Médium: | Kapitola |
| Jazyk: | italština |
| Tagy: |
Žádné tagy, Buďte první, kdo vytvoří štítek k tomuto záznamu!
|
MARC
| LEADER | 00000naa a22000007ib4500 | ||
|---|---|---|---|
| 001 | IT\ICCU\PA1\0021204 | ||
| 003 | ItRI | ||
| 005 | 20251125184742.0 | ||
| 008 | 120309s2011 ||||c | ||
| 040 | |b ita |c Arcigay Viterbo | ||
| 041 | 7 | |a ita |2 ISO-639-2 | |
| 100 | 1 | |a Politi, Alessandro |0 IT\ICCU\LO1V\045684 |4 aut | |
| 245 | 1 | 0 | |a (Contro)rivoluzioni in corso. Primavera araba o inverno mediterraneo?... / |c Alessandro Politi [et al.]. |
| 300 | |a 7-295 p | ||
| 500 | |a Nr. 3 del 2011 | ||
| 500 | |a sul n. 3 del 2011 | ||
| 773 | 1 | |w IT\ICCU\RAV\0214032 |t Limes | |
| 942 | |2 ddc |c BK |n 0 | ||
| 952 | |0 0 |1 0 |2 ddc |4 0 |6 327_050000000000000_LIM_CON |7 0 |9 9988 |a VT |b VT |d 2025-11-25 |e Dono di Giovanna Picchi |i B582 |l 0 |o 327.05 LIM CON |p B582 |r 2025-11-25 18:49:43 |w 2025-11-25 |y BK |z Dono di Giovanna Picchi | ||
| 981 | 1 | |6 z01 |a i |b xxxe | |
| 982 | 1 | |6 z01 |a n | |
| 999 | |c 8330 |d 8330 | ||